000 00918nam a2200265Ia 4500
003 GCL
008 140319s9999 xx 000 0 ara d
040 _aGCL /
_cGCL
082 0 4 _a301.412
_bز م
100 1 _aزكى على السيد ابوغضة
245 1 0 _aمساؤى تحرر المرأة فى العصر الحديث /
_cزكى على السيد ابوغضة
250 _aالاولى
260 _aالقاهرة :
_bدار الوفاء للطباعة والنشر والتوزيع ،
_c2004
300 _a251 ص ؛
_c24 سم
650 0 4 _aالبطالة
650 0 4 _aتحرير المراة
650 0 4 _aحقوق المرأة
650 0 4 _aالشذوذ الجنسى
650 0 4 _aالاجهاض
650 0 4 _aالاغتصاب
650 0 4 _aالزواج العرفى
650 0 4 _aالمرأة والجريمة
650 0 4 _aالمرأة - احوال اجتماعية
942 _2ddc
_cBK
999 _c32978
_d32978